Her story, our story and on the swing: (Record no. 25547)

MARC details
000 -LEADER
fixed length control field 00868nam a22002297a 4500
008 - FIXED-LENGTH DATA ELEMENTS--GENERAL INFORMATION
fixed length control field 090327t xxu||||| |||| 00| j eng d
010 ## - LCCN (DPL NO)
LC control number ENG-93288
020 ## - INTERNATIONAL STANDARD BOOK NUMBER
International Standard Book Number 9788185604947
Terms of availability 275.00
035 ## - SYSTEM CONTROL NUMBER
System control number EN-76821
037 ## - SOURCE OF ACQUISITION
Source of stock number/acquisition DBAD / PUB
040 ## - CATALOGING SOURCE
Original cataloging agency dpl
Language of cataloging English
082 ## - DEWEY DECIMAL CLASSIFICATION NUMBER
Classification number S
100 ## - MAIN ENTRY--PERSONAL NAME
Personal name Shirurkar, Vibhavari
245 ## - TITLE STATEMENT
Title Her story, our story and on the swing:
Statement of responsibility, etc by Vibhavari Shirurkar; translated by Yashodhara Deshpande Maitra
Remainder of title short stories and novella
260 ## - PUBLICATION, DISTRIBUTION, ETC. (IMPRINT)
Place of publication, distribution, etc Kolkata
Name of publisher, distributor, etc Stree
Date of publication, distribution, etc 2008
270 ## - ADDRESS
Address 16 Southern Avenue,
City Kolkata
Postal code 700026
300 ## - PHYSICAL DESCRIPTION
Extent xxvi, 230p.
Dimensions 21cm (pbk)
650 ## - SUBJECT ADDED ENTRY--TOPICAL TERM
Topical term or geographic name as entry element Short stories, English.
700 ## - ADDED ENTRY--PERSONAL NAME
Personal name Maitra, Yashodhara Deshpande
942 ## - ADDED ENTRY ELEMENTS (KOHA)
Source of classification or shelving scheme Dewey Decimal Classification
Item type English Books
Call number suffix SHI
Classification part S
Holdings
Withdrawn status Lost status Source of classification or shelving scheme Damaged status Not for loan Collection code Home library Current library Date acquired Source of acquisition Cost, normal purchase price Total Checkouts Full call number Barcode Date last seen Copy number Cost, replacement price Koha item type
    Dewey Decimal Classification   Not For Loan Fiction D.B.Act.Division D.B.Act.Division 27/03/2009 DBAD / PUB 275.00   S SHI EN-76821 27/03/2009 1 275.00 English Books

© Delhi Public Library
Hit Counter
free hit counter